SWANA'S 28th annual landfill gas symposium: conference proceedings

Guardat en:
Dades bibliogràfiques
Autor corporatiu: Solid Waste Association of North America (Autor), SWANA (Autor)
Format: Llibre
Idioma:anglès
Publicat: Silver Spring SWANA 2005
Edició:1a. ed
Matèries:
Etiquetes: Afegir etiqueta
Sense etiquetes, Sigues el primer a etiquetar aquest registre!

MARC

LEADER 00000nam a2200000 a 4500
001 UCJ9369
003 CL-VaPUC
005 20230623074129.0
008 070316e20050000us 1 eng d
082 0 4 |a 628.53  |b SOL  |2 21 
110 2 |a Solid Waste Association of North America  |e author  |9 620977 
710 2 |a SWANA  |e author  |9 620978 
245 1 0 |a SWANA'S 28th annual landfill gas symposium: conference proceedings 
250 |a 1a. ed 
260 |a Silver Spring  |b SWANA  |c 2005 
300 |a 1 cd 
583 |a last modification  |c 20190826 11:16:59  |k Rodrigo Vera 
650 0 7 |a RELLENOS SANITARIOS  |2 CL-VaPUC  |9 411212 
650 0 7 |a DESECHOS GASEOSOS  |2 CL-VaPUC  |9 483644 
650 0 0 |a Contaminación del aire   |9 255745 
650 0 7 |a BIODEGRADACION  |2 CL-VaPUC  |9 323969 
650 0 7 |a GAS  |2 CL-VaPUC  |9 340305 
942 |c BK 
945 |a cmena  |d 20070316 00:00:00 
546 |a En Inglés 
536 |a SWANA 
518 |p Annual Landfill Gas Symposium, 28, San Diego CA, 7-10 de marzo de 2005 
999 |c 384242  |d 384240 
952 |0 0  |1 0  |4 0  |6 628_530000000000000_SOL_2005  |7 0  |8 A  |9 506868  |a BIBING  |b BIBING  |d 2020-01-23  |i 4324692  |o 628.53 SOL 2005  |p 4324692  |r 2023-03-02  |w 2020-01-23  |y BK  |k CCL